[Event "LTU-chT"]
[Site "Lithuania"]
[Date "2019.04.28"]
[Round "7.8"]
[White "Januseviciute, Donata"]
[Black "Cerniauskas, Markas"]
[Result "0-1"]
[WhiteElo "1552"]
[BlackElo "1840"]
[PlyCount "62"]
[EventDate "2019.01.26"]
[EventType "team-swiss"]
[EventRounds "7"]
[EventCountry "LTU"]
[SourceTitle "CBM 190 Extra"]
[Source "ChessBase"]
[SourceDate "2019.07.15"]
[SourceVersion "1"]
[SourceVersionDate "2019.07.15"]
[SourceQuality "1"]
[WhiteTeam "Klaipeda Bokstas"]
[BlackTeam "Kaunas Margiris II"]
[WhiteTeamCountry "LTU"]
[BlackTeamCountry "LTU"]

1. d4 Nf6 2. c4 g6 3. Nc3 d5 4. Nf3 Bg7 5. e3 0-0 6. Bd3 c5 7. 0-0 cxd4 8. exd4 Nc6 9. a3 Bg4 10. Be3 e5 11. cxd5 Nxd5 12. Be4 Nxe3 13. fxe3 exd4 14. Na4 dxe3 15. Qb3 Bd4 16. Kh1 Bxf3 17. Bxf3 Qe7 18. Rae1 Rad8 19. Re2 Kg7 20. Nc3 f5 21. g3 Rfe8 22. Nb5 Bb6 23. Rd1 Rxd1+ 24. Qxd1 Rd8 25. Qc2 Qf6 26. Qc1 Rd7 27. Nc3 Qd4 28. Kg2 Ne5 29. Re1 Nxf3 30. Kxf3 Qg4+ 31. Kg2 Rd2+ 0-1

[Event "Kaunas Butnorius 70 op"]
[Site "Kaunas"]
[Date "2016.08.05"]
[Round "8"]
[White "Cerniauskas, Markas"]
[Black "Norinkeviciute, Rasa"]
[Result "1-0"]
[WhiteElo "1803"]
[BlackElo "2006"]
[PlyCount "78"]
[EventDate "2016.08.01"]
[EventType "swiss"]
[EventRounds "9"]
[EventCountry "LTU"]
[SourceTitle "CBM 173 Extra"]
[Source "ChessBase"]
[SourceDate "2016.08.29"]
[SourceVersion "1"]
[SourceVersionDate "2016.08.29"]
[SourceQuality "1"]

1. e4 c5 2. Nf3 d6 3. d4 cxd4 4. Nxd4 Nf6 5. Nc3 a6 6. h3 g6 7. g4 Bg7 8. g5 Nfd7 9. Be3 Nc6 10. Qd2 Nde5 11. Be2 Na5 12. b3 Bd7 13. f4 Nec6 14. h4 b5 15. h5 gxh5 16. Bxh5 Nb7 17. Nxc6 Bxc6 18. Bd4 e5 19. fxe5 dxe5 20. Qf2 Qe7 21. Bb6 Nd8 22. 0-0 Qxg5+ 23. Qg2 Qxh5 24. Qxg7 Qg6+ 25. Qxg6 fxg6 26. Bc7 Nf7 27. Rf6 Bb7 28. Raf1 Ng5 29. Bxe5 0-0-0 30. Rb6 Nxe4 31. Nxe4 Bxe4 32. Bxh8 Rxh8 33. Rf7 Bd5 34. Rg7 Re8 35. Rxh7 Re2 36. Rf6 Re8 37. Rxa6 g5 38. Rha7 Re5 39. Rf6 Re8 1-0

[Event "Kaunas Butnorius 70 op"]
[Site "Kaunas"]
[Date "2016.08.02"]
[Round "2"]
[White "Cerniauskas, Markas"]
[Black "Kula, Dominik"]
[Result "0-1"]
[WhiteElo "1803"]
[BlackElo "2132"]
[PlyCount "102"]
[EventDate "2016.08.01"]
[EventType "swiss"]
[EventRounds "9"]
[EventCountry "LTU"]
[SourceTitle "CBM 173 Extra"]
[Source "ChessBase"]
[SourceDate "2016.08.29"]
[SourceVersion "1"]
[SourceVersionDate "2016.08.29"]
[SourceQuality "1"]

1. e4 c5 2. Nf3 d6 3. d4 cxd4 4. Nxd4 Nf6 5. Nc3 a6 6. h3 e5 7. Nde2 h5 8. Bg5 Be6 9. Bxf6 Qxf6 10. Nd5 Qd8 11. Nec3 Nc6 12. Be2 g6 13. 0-0 Bg7 14. Na4 b5 15. Nab6 Rb8 16. a4 Nd4 17. a5 0-0 18. c3 Nc6 19. b4 Qg5 20. Qc1 Qh4 21. Nc7 Bc8 22. Qe3 Bf6 23. Nxc8 Rfxc8 24. Nxa6 Rb7 25. c4 bxc4 26. Bxc4 Nxb4 27. Nxb4 Rxc4 28. Nd5 Bd8 29. a6 Rb8 30. a7 Ra8 31. Nb6 Bxb6 32. Qxb6 Qxe4 33. Rfb1 Qd5 34. Ra5 Rc5 35. Ra6 Qe4 36. Raa1 Rcc8 37. Qxd6 Rxa7 38. Rxa7 Qxb1+ 39. Kh2 Qf5 40. Qd2 Kg7 41. Ra2 Rc4 42. g3 Rd4 43. Qa5 Rd1 44. Qc3 Qe4 45. f3 Qb1 46. Qxe5+ Kh7 47. g4 Qxa2+ 48. Kg3 Rg1+ 49. Kh4 Qf2+ 50. Kg5 Qxf3 51. Kh4 Rxg4+ 0-1

[Event "EU Union-ch U14"]
[Site "Kouty nad Desnou"]
[Date "2015.08.24"]
[Round "6"]
[White "Cerniauskas, Markas"]
[Black "Vitova, Anna"]
[Result "1-0"]
[WhiteElo "1801"]
[BlackElo "1706"]
[PlyCount "55"]
[EventDate "2015.08.19"]
[EventType "swiss"]
[EventRounds "9"]
[EventCountry "CZE"]
[SourceTitle "EXT 2016"]
[Source "ChessBase"]
[SourceDate "2015.10.08"]
[SourceVersion "1"]
[SourceVersionDate "2015.10.08"]
[SourceQuality "1"]

1. b3 Nf6 2. Bb2 e6 3. e3 b6 4. f4 Bb7 5. Nf3 d5 6. Be2 Nbd7 7. 0-0 c5 8. d4 Rc8 9. Nbd2 Ng4 10. Bb5 Nxe3 11. Qe2 Bc6 12. Bxc6 Nxf1 13. Bxd7+ Qxd7 14. Ne5 Ng3 15. hxg3 Qc7 16. Qb5+ Kd8 17. c3 f6 18. Nef3 Bd6 19. Re1 Re8 20. c4 Re7 21. Kf1 Qb7 22. cxd5 Qxd5 23. Nc4 Bb8 24. Ba3 Rd7 25. Nxb6 axb6 26. Qxb6+ Bc7 27. Qxc5 Ba5 28. Qf8+ 1-0

[Event "EU Union-ch U14"]
[Site "Kouty nad Desnou"]
[Date "2015.08.21"]
[Round "3"]
[White "Cerniauskas, Markas"]
[Black "Toure, Shanti"]
[Result "1-0"]
[WhiteElo "1801"]
[BlackElo "1716"]
[PlyCount "61"]
[EventDate "2015.08.19"]
[EventType "swiss"]
[EventRounds "9"]
[EventCountry "CZE"]
[SourceTitle "EXT 2016"]
[Source "ChessBase"]
[SourceDate "2015.10.08"]
[SourceVersion "1"]
[SourceVersionDate "2015.10.08"]
[SourceQuality "1"]

1. d4 d5 2. c4 e6 3. Nc3 Be7 4. Nf3 Nf6 5. cxd5 exd5 6. Qc2 0-0 7. Bg5 g6 8. e3 c6 9. Bd3 Be6 10. 0-0-0 Nbd7 11. h4 Kg7 12. Ne2 c5 13. Nf4 Bg4 14. Bxf6+ Nxf6 15. dxc5 Rc8 16. Kb1 Bxc5 17. Qb3 Rc6 18. Rc1 Rb6 19. Qc3 Bb4 20. Qd4 Ba3 21. Rc2 Re8 22. Ne5 Be6 23. h5 Bd6 24. hxg6 hxg6 25. Nxe6+ Rxe6 26. Qh4 Kf8 27. Qh8+ Ng8 28. Ng4 Ke7 29. Rh7 Nf6 30. Rxf7+ Kxf7 31. Nh6+ 1-0

[Event "LTU-ch U14"]
[Site "Panevezys"]
[Date "2015.04.01"]
[Round "5"]
[White "Cerniauskas, Markas"]
[Black "Ivanauskas, Vincas"]
[Result "1-0"]
[WhiteElo "1757"]
[BlackElo "1627"]
[PlyCount "45"]
[EventDate "2015.03.30"]
[EventType "swiss"]
[EventRounds "8"]
[EventCountry "LTU"]
[SourceTitle "EXT 2017"]
[Source "ChessBase"]
[SourceDate "2016.10.25"]
[SourceVersion "1"]
[SourceVersionDate "2016.10.25"]
[SourceQuality "1"]

1. d4 c6 2. c4 d5 3. Nf3 Nf6 4. Nc3 e6 5. e3 Bd6 6. Qc2 Nbd7 7. Bd3 dxc4 8. Bxc4 0-0 9. 0-0 e5 10. h3 exd4 11. Nxd4 Nb6 12. Bd3 h6 13. Bf5 Bxf5 14. Nxf5 Nbd5 15. Rd1 Qc7 16. Nxd6 Qxd6 17. e4 Nb4 18. Qb3 Qe7 19. Be3 Nxe4 20. Nxe4 Qxe4 21. Rd4 Qe7 22. Rxb4 c5 23. Rxb7 1-0

[Event "LTU-chT"]
[Site "Lithuania"]
[Date "2015.03.29"]
[Round "7.8"]
[White "Grybas, Gintaras"]
[Black "Cerniauskas, Markas"]
[Result "1-0"]
[WhiteElo "2000"]
[BlackElo "1757"]
[PlyCount "153"]
[EventDate "2015.01.24"]
[EventType "team-tourn"]
[EventRounds "7"]
[EventCountry "LTU"]
[SourceTitle "EXT 2016"]
[Source "ChessBase"]
[SourceDate "2015.10.08"]
[SourceVersion "1"]
[SourceVersionDate "2015.10.08"]
[SourceQuality "1"]
[WhiteTeam "LASF"]
[BlackTeam "Kaunas Margiris II"]
[WhiteTeamCountry "LTU"]
[BlackTeamCountry "LTU"]

1. d4 d5 2. Nf3 Nf6 3. c4 dxc4 4. Nc3 Bf5 5. e3 e6 6. Bxc4 c5 7. 0-0 a6 8. dxc5 Qxd1 9. Rxd1 Bxc5 10. b3 Nc6 11. Bb2 Rd8 12. Rxd8+ Kxd8 13. Rc1 Ke7 14. Na4 Nd7 15. Nxc5 Nxc5 16. Ba3 b6 17. Bxa6 Rd8 18. h3 Nb8 19. Bb5 Rd5 20. Nd4 Kd8 21. Nxf5 Rxf5 22. Bxc5 bxc5 23. e4 Re5 24. Bd3 Nd7 25. f4 Rh5 26. Be2 Rh4 27. g3 Rxh3 28. Kg2 Rh6 29. e5 g5 30. Bb5 Kc7 31. Bxd7 Kxd7 32. Rxc5 gxf4 33. gxf4 Rh4 34. Kg3 Rh1 35. Rc2 Rg1+ 36. Rg2 Rb1 37. Rd2+ Kc7 38. Rh2 Rg1+ 39. Kf3 Rf1+ 40. Ke3 Re1+ 41. Kf2 Ra1 42. Rxh7 Rxa2+ 43. Kg3 Ra3 44. Rxf7+ Kc6 45. Re7 Rxb3+ 46. Kg4 Kd5 47. Rd7+ Ke4 48. Ra7 Rb8 49. Ra4+ Kd5 50. Kg5 Rf8 51. Kg4 Rh8 52. Rb4 Kc5 53. Rb1 Kd5 54. Rb5+ Ke4 55. Rb4+ Kd5 56. Ra4 Rg8+ 57. Kf3 Rh8 58. Ra5+ Kc6 59. Ra6+ Kd7 60. Ra7+ Kc6 61. Re7 Rh6 62. Rf7 Rg6 63. Ke4 Rg1 64. Re7 Rg6 65. Kf3 Rh6 66. Rf7 Rg6 67. Rf6 Rxf6 68. exf6 Kd7 69. Kg4 Ke8 70. Kh5 Kf7 71. Kg5 Kf8 72. Kg6 Kg8 73. f7+ Kf8 74. Kf6 e5 75. Kxe5 Kxf7 76. Kf5 Kf8 77. Kf6 1-0

[Event "LTU-chT"]
[Site "Lithuania"]
[Date "2014.02.08"]
[Round "3.2"]
[White "Balciunaite, Gabija"]
[Black "Cerniauskas, Markas"]
[Result "1/2-1/2"]
[WhiteElo "1568"]
[BlackElo "1749"]
[PlyCount "109"]
[EventDate "2014.01.25"]
[EventType "team-swiss"]
[EventRounds "7"]
[EventCountry "LTU"]
[SourceTitle "CBM 158 Extra"]
[Source "ChessBase"]
[SourceDate "2014.02.28"]
[SourceVersion "1"]
[SourceVersionDate "2014.02.28"]
[SourceQuality "1"]
[WhiteTeam "Kaunas AG II"]
[BlackTeam "Kaunas Margiris II"]
[WhiteTeamCountry "LTU"]
[BlackTeamCountry "LTU"]

1. d4 Nf6 2. c4 Nc6 3. Nc3 d5 4. Bg5 dxc4 5. e3 Nd5 6. Bxc4 Nb6 7. Bb3 Qd6 8. Nf3 Bg4 9. 0-0 Qg6 10. Bf4 0-0-0 11. a3 Qh5 12. h3 Bxf3 13. Qxf3 Qxf3 14. gxf3 e6 15. Ne4 h6 16. Rfd1 Nd5 17. Bg3 Be7 18. Rac1 Kb8 19. Ba4 f5 20. Nc3 Nb6 21. Bb3 Rde8 22. Nb5 Bd8 23. d5 exd5 24. Bxd5 Nxd5 25. Rxd5 a6 26. Nd4 Nxd4 27. Rxd4 Re7 28. a4 Kc8 29. b4 Rd7 30. Rxd7 Kxd7 31. Rd1+ Ke6 32. b5 axb5 33. axb5 Rf8 34. Kf1 g5 35. f4 Ke7 36. fxg5 hxg5 37. Be5 Ke6 38. f4 gxf4 39. exf4 b6 40. h4 Be7 41. Bxc7 Bc5 42. Be5 Rf7 43. Ke2 Rh7 44. Rh1 Kd5 45. Kd3 Bb4 46. Bd4 Bc5 47. Be5 Bb4 48. Bd4 Bc5 49. Be5 Be7 50. h5 Kc5 51. Bd4+ Kxb5 52. Rb1+ Ka5 53. Bxb6+ Ka6 54. Be3 Rxh5 55. Kd4 1/2-1/2

[Event "LTU-chT"]
[Site "Lithuania"]
[Date "2014.01.26"]
[Round "2.2"]
[White "Cerniauskas, Markas"]
[Black "Pakalniskis, Romas"]
[Result "1-0"]
[WhiteElo "1749"]
[BlackElo "1828"]
[PlyCount "50"]
[EventDate "2014.01.25"]
[EventType "team-swiss"]
[EventRounds "7"]
[EventCountry "LTU"]
[SourceTitle "CBM 158 Extra"]
[Source "ChessBase"]
[SourceDate "2014.02.28"]
[SourceVersion "1"]
[SourceVersionDate "2014.02.28"]
[SourceQuality "1"]
[WhiteTeam "Kaunas Margiris II"]
[BlackTeam "Vilnius LASF"]
[WhiteTeamCountry "LTU"]
[BlackTeamCountry "LTU"]

1. b3 d5 2. Bb2 c5 3. e3 Nc6 4. Bb5 a6 5. Bxc6+ bxc6 6. f4 h5 7. Nf3 h4 8. Qe2 h3 9. Ne5 hxg2 10. Qxg2 Qc7 11. Nd3 Nf6 12. Nc3 e6 13. Nd1 c4 14. Be5 Qa7 15. N3f2 Bb7 16. d3 d4 17. e4 Nd7 18. Nb2 Nxe5 19. fxe5 a5 20. a4 Ba6 21. Ke2 0-0-0 22. Nxc4 Bxc4 23. bxc4 Qb6 24. Ng4 Be7 25. Rab1 Qc7 1-0

[Event "Wch U14"]
[Site "Al Ain"]
[Date "2013.12.27"]
[Round "10"]
[White "Pitkar, Ashutosh"]
[Black "Cerniauskas, Markas"]
[Result "0-1"]
[WhiteElo "1613"]
[BlackElo "1756"]
[PlyCount "46"]
[EventDate "2013.12.18"]
[EventType "swiss"]
[EventRounds "11"]
[EventCountry "UAE"]
[SourceTitle "CBM 158 Extra"]
[Source "ChessBase"]
[SourceDate "2014.02.28"]
[SourceVersion "1"]
[SourceVersionDate "2014.02.28"]
[SourceQuality "1"]

1. e4 e6 2. d4 d5 3. Nd2 Nf6 4. e5 Ne4 5. Bd3 Nxd2 6. Bxd2 c5 7. c3 Nc6 8. Nf3 Qb6 9. Bc1 cxd4 10. cxd4 Bb4+ 11. Kf1 0-0 12. Bxh7+ Kxh7 13. Ng5+ Kg8 14. Qh5 Qb5+ 15. Kg1 Qd3 16. Be3 Qg6 17. Qe2 Nxd4 18. Bxd4 Qxg5 19. h4 Qf5 20. Rd1 Bd7 21. Rh3 Rfc8 22. Rb3 a5 23. Rf3 Qc2 0-1

[Event "Wch U14"]
[Site "Al Ain"]
[Date "2013.12.24"]
[Round "8"]
[White "Virtanen, Teemu"]
[Black "Cerniauskas, Markas"]
[Result "1-0"]
[WhiteElo "1936"]
[BlackElo "1756"]
[PlyCount "77"]
[EventDate "2013.12.18"]
[EventType "swiss"]
[EventRounds "11"]
[EventCountry "UAE"]
[SourceTitle "CBM 158 Extra"]
[Source "ChessBase"]
[SourceDate "2014.02.28"]
[SourceVersion "1"]
[SourceVersionDate "2014.02.28"]
[SourceQuality "1"]

1. c4 Nf6 2. Nc3 e5 3. g3 g6 4. Bg2 Bg7 5. d3 d6 6. Nf3 0-0 7. 0-0 Nc6 8. Bg5 Bd7 9. Qd2 Re8 10. Ne1 Qc8 11. Nc2 Bh3 12. Nd5 Nxd5 13. cxd5 Bxg2 14. Kxg2 Ne7 15. e4 c6 16. Bxe7 Rxe7 17. Ne3 Qd7 18. b4 Ree8 19. Rac1 Bh6 20. f4 Rac8 21. Qe2 f6 22. Rc4 Rc7 23. dxc6 bxc6 24. b5 Bg7 25. Qc2 c5 26. Nd5 Rb7 27. a4 exf4 28. Rxf4 f5 29. Qf2 Qe6 30. Qf3 Rf8 31. exf5 Qc8 32. f6 Bh6 33. Rh4 Bg5 34. Rhg4 Bh6 35. Qe4 Kh8 36. Rh4 Bg5 37. Ne7 Rxe7 38. Qxe7 Qa8+ 39. Rce4 1-0

[Event "Wch U14"]
[Site "Al Ain"]
[Date "2013.12.19"]
[Round "2"]
[White "Kellei, Ronnie"]
[Black "Cerniauskas, Markas"]
[Result "0-1"]
[WhiteElo "1742"]
[BlackElo "1756"]
[PlyCount "84"]
[EventDate "2013.12.18"]
[EventType "swiss"]
[EventRounds "11"]
[EventCountry "UAE"]
[SourceTitle "CBM 158 Extra"]
[Source "ChessBase"]
[SourceDate "2014.02.28"]
[SourceVersion "1"]
[SourceVersionDate "2014.02.28"]
[SourceQuality "1"]

1. e4 e6 2. d4 d5 3. e5 c5 4. c3 Nc6 5. Nf3 Qb6 6. g3 Bd7 7. Bh3 cxd4 8. cxd4 Bb4+ 9. Nc3 Na5 10. 0-0 Bxc3 11. bxc3 Nc4 12. Re1 Ne7 13. Nd2 Bb5 14. Nxc4 Bxc4 15. Ba3 Qc7 16. Bxe7 Qxe7 17. Bf1 Bxf1 18. Rxf1 0-0 19. Qf3 Qa3 20. h4 Rfc8 21. Rfc1 Rc4 22. Rc2 Rxd4 23. Rac1 Rc4 24. g4 Qa4 25. g5 Rxh4 26. Kg2 Qg4+ 27. Qxg4 Rxg4+ 28. Kf3 Rxg5 29. c4 Rxe5 30. cxd5 Rxd5 31. Rc8+ Rd8 32. Rxa8 Rxa8 33. Rb1 b6 34. Kg3 g6 35. f4 Kg7 36. Kh4 Rc8 37. Rb4 Rc2 38. a4 h6 39. Rb5 Rc3 40. a5 f5 41. axb6 Kf6 42. bxa7 g5+ 0-1

[Event "Kaunas-ch U20"]
[Site "Kaunas"]
[Date "2013.11.24"]
[Round "6"]
[White "Cerniauskas, Markas"]
[Black "Perminaite, Guoda"]
[Result "1-0"]
[WhiteElo "1752"]
[BlackElo "1455"]
[PlyCount "117"]
[EventDate "2013.11.20"]
[EventType "swiss"]
[EventRounds "7"]
[EventCountry "LTU"]
[SourceTitle "EXT 2016"]
[Source "ChessBase"]
[SourceDate "2015.10.08"]
[SourceVersion "1"]
[SourceVersionDate "2015.10.08"]
[SourceQuality "1"]

1. d4 d5 2. Bg5 Nf6 3. c4 e6 4. cxd5 exd5 5. Nc3 c6 6. e3 Be7 7. Qc2 0-0 8. Bd3 Nbd7 9. Nf3 Re8 10. 0-0-0 h6 11. Bxf6 Nxf6 12. h3 Be6 13. g4 Nd7 14. Rdg1 Nf8 15. h4 g6 16. g5 hxg5 17. hxg5 Kg7 18. Rh2 Nh7 19. Ne5 Rh8 20. Bxg6 Nxg5 21. Rxh8 Qxh8 22. f4 f6 23. Bf5 Bxf5 24. Qxf5 fxe5 25. Qxe5+ Kf7 26. Qf5+ Qf6 27. Rxg5 Qxf5 28. Rxf5+ Kg6 29. e4 dxe4 30. Re5 Bd6 31. Re6+ Kf5 32. Rxd6 Kxf4 33. Re6 e3 34. Nd1 Rd8 35. Rxe3 Rxd4 36. Re7 Rb4 37. Kc2 a5 38. a3 Rc4+ 39. Kb3 b5 40. Nc3 Kf5 41. Ne2 Kf6 42. Re3 a4+ 43. Ka2 Kf5 44. Rc3 Rxc3 45. Nd4+ Ke5 46. bxc3 Kd5 47. Kb2 Kc5 48. Kc2 Kd6 49. Kd3 Kd5 50. Nf5 Kc5 51. Ne3 Kd6 52. Kd4 c5+ 53. Ke4 b4 54. cxb4 cxb4 55. axb4 Kc6 56. Kd4 Kb5 57. Kc3 a3 58. Kb3 a2 59. Nc2 1-0